Economics and the crisis of ecology. (3rd ed.) (Record no. 40980)

MARC details
000 -LEADER
fixed length control field 00658nam a2200193 a 4500
008 - FIXED-LENGTH DATA ELEMENTS--GENERAL INFORMATION
fixed length control field 120416s1989 ||||||||||||||||| || u
020 ## - INTERNATIONAL STANDARD BOOK NUMBER
International Standard Book Number 0947792201
050 ## - LIBRARY OF CONGRESS CALL NUMBER
Classification number HB 74.E2 Sin
100 ## - MAIN ENTRY--PERSONAL NAME
Personal name Singh, Narindar
245 10 - TITLE STATEMENT
Title Economics and the crisis of ecology. (3rd ed.)
250 ## - EDITION STATEMENT
Edition statement 3rd rev. e
260 ## - PUBLICATION, DISTRIBUTION, ETC.
Place of publication, distribution, etc. London:
Name of publisher, distributor, etc. Bellew Publishing
Date of publication, distribution, etc. 1989
300 ## - PHYSICAL DESCRIPTION
Extent xxvii, 236p.
350 ## - PRICE (NR) (BK AM CF MU VM SE) [OBSOLETE]
Price 0.00
650 #0 - SUBJECT ADDED ENTRY--TOPICAL TERM
Topical term or geographic name entry element ECONOMICS
650 #0 - SUBJECT ADDED ENTRY--TOPICAL TERM
Topical term or geographic name entry element ECONOMIC DEVELOPMENT--AFRICA, SUB-SAHARAN
650 #0 - SUBJECT ADDED ENTRY--TOPICAL TERM
Topical term or geographic name entry element HUMAN ECOLOGY
995 ## - RECOMMENDATION 995 [LOCAL, UNIMARC FRANCE]
-- 0.00
-- CBU-MAIN LIBRARY (Kitwe)
-- 1
-- 7.95
-- AVAILABLE
-- Annex Low-Usage Collection
Holdings
Withdrawn status Lost status Source of classification or shelving scheme Damaged status Not for loan Home library Current library Shelving location Date acquired Total Checkouts Full call number Barcode Date last seen Price effective from Koha item type
          CBU-MAIN LIBRARY, KITWE. CBU-MAIN LIBRARY, KITWE.   11/30/2022   HB 74.E2 Sin 001828 11/30/2022 11/30/2022 MONOGRAPH